| 000 | 01941nam2a22002651 4500 | ||
|---|---|---|---|
| 001 | rc\676689 | ||
| 005 | 20250630144338.0 | ||
| 035 | _a(NLR Aleph) 008766867 | ||
| 090 |
_a7899561 _c7899561 |
||
| 100 | _a20031121d1986 |||y0rusy50 ca | ||
| 101 | 0 | _arus | |
| 102 | _aRU | ||
| 105 | _ay ||||||||| | ||
| 200 | 1 |
_aВопросы фольклора _f[В.Н. Шишлова, М.Л. Газа] |
|
| 210 | _d1986 | ||
| 215 | _a35 с. | ||
| 300 | _aВ надзаг.: М-во культуры РСФСР, Всерос. науч.-метод. центр нар. творчества и культ.-просвет. работы им. Н.К. Крупской | ||
| 461 | 0 |
_1001rc\676687 _12001#$aО ХОДЕ Второго Всесоюзного фестиваля народного творчества, посвященного 70-летию Великой Октябрьской социалистической революции$eИнформ.-метод. материалы$fМ-во культуры РСФСР, Всерос. науч.-метод. центр нар. творчества и культ.-просвет. работы им. Н.К. Крупской$g[Подгот. Заславская Л.И. и др.]$vВып. 2 _97817434 _cМ. _d1986 _fМ-во культуры РСФСР, Всерос. науч.-метод. центр нар. творчества и культ.-просвет. работы им. Н.К. Крупской _nБ. и. _oИнформ.-метод. материалы _tО ХОДЕ Второго Всесоюзного фестиваля народного творчества, посвященного 70-летию Великой Октябрьской социалистической революции _vВып. 2 |
|
| 702 | 1 |
_aШишлова _bВ.Н. _4570 |
|
| 801 | 0 |
_aRU _bNLR _gpsbo |
|
| 801 | 1 |
_aRU _bELAR _2rusmarc |
|
| 801 | 2 |
_aRU _bNLR _c20040511 _2rusmarc |
|
| 852 |
_aNLR _j88-4/2002 |
||
| 942 | _cBOOK | ||
| 980 | _aNB | ||